[Event "TP 40 Züge 2 Stunden"]
[Site "?"]
[Date "2009.??.??"]
[Round "?"]
[White "Magellan, Mephisto"]
[Black "R30 V2.2 aktiv, TASC."]
[Result "1/2-1/2"]
[WhiteElo "2195"]
[BlackElo "2347"]
[Annotator "Thomas Jaeger"]
[PlyCount "130"]
[EventDate "2009.??.??"]

1. e4 e6 2. d4 d5 3. Nd2 c5 4. exd5 exd5 5. Ngf3 Nc6 6. Bb5 Bd6 7. O-O Nge7 8.
dxc5 Bxc5 9. Nb3 Bd6 10. Nbd4 O-O 11. c3 Bg4 {letzter Buchzug} 12. Be2 {
letzter Buchzug} Re8 13. Re1 Nxd4 14. Qxd4 Bxf3 15. Bxf3 Qc7 16. g3 Nc6 17.
Rxe8+ Rxe8 18. Qd1 Ne7 {Weiß steht besser} 19. Bg5 Bc5 20. Bxe7 Qxe7 21. Qd3
Rd8 22. b4 Bb6 23. Bxd5 Qf6 24. Rf1 g6 25. c4 Bd4 26. Qf3 Qxf3 27. Bxf3 Bc3 28.
a3 Rd7 29. Rb1 Kg7 30. h3 f5 31. Bd5 Re7 32. Rb3 Bf6 33. Kg2 h5 34. h4 Rd7 35.
Rd3 Rd8 36. Kf3 Rd7 37. c5 a6 38. a4 Rc7 39. Kf4 Kh6 40. Bh1 Re7 {Rest in 60
min} 41. b5 Be5+ 42. Kf3 axb5 43. axb5 Kg7 44. c6 bxc6 45. bxc6 Kf6 46. Rd2 Re6
47. Rc2 Bc7 48. Rc1 Ke7 49. Bg2 Kd8 50. Bf1 Bd6 51. Bc4 Rf6 52. Bd5 f4 53. Kg2
fxg3 54. fxg3 g5 55. Ra1 gxh4 56. gxh4 Rf4 57. Ra8+ Kc7 58. Ra7+ Kb6 59. Rb7+
Kc5 60. Bf3 Rxh4 {die Bewertung von R30 ändert sich kaum und schwankt seit
langem zwischen -0,7 und -1 Der Maggi sieht sich jetzt klar vorne} 61. c7 Bxc7
62. Rxc7+ Kd6 63. Rc6+ Kd7 64. Ra6 Rd4 65. Bxh5 Rd6 {R 30 weiß, dass es remis
ist} 1/2-1/2

[Event "TP 40 Züge 2 Stunden"]
[Site "?"]
[Date "2009.??.??"]
[Round "?"]
[White "R30 V2.2 aktiv, TASC."]
[Black "Magellan, Mephisto"]
[Result "1/2-1/2"]
[WhiteElo "2347"]
[BlackElo "2195"]
[Annotator "Thomas Jaeger"]
[PlyCount "156"]
[EventDate "2009.??.??"]

1. d4 d5 2. Nf3 Nf6 3. c4 e6 4. Bg5 Be7 5. Nc3 O-O 6. e3 Nbd7 7. Rc1 c6 8. Bd3
dxc4 9. Bxc4 Nd5 10. Bxe7 Qxe7 11. Ne4 e5 {letzter Buchzug} 12. O-O exd4 13.
Qxd4 N7f6 14. Ng3 {letzter Buchzug} Rd8 15. Qe5 Qf8 16. Rfd1 Bg4 17. e4 Re8 18.
Qg5 h6 19. Qd2 Nxe4 20. Nxe4 Rxe4 21. Bxd5 cxd5 22. Qxd5 Bxf3 23. gxf3 Re7 24.
Qd3 {R 30 0,00 die Partie ist schnell verflacht - Maggi sieht sich ca. 0,6
vorne} Rae8 25. Qd5 b6 26. Qb3 Rc8 27. Rxc8 Qxc8 28. Qd3 f5 29. b3 g6 30. Qd2
Kg7 31. Qb2+ Kf7 32. Kg2 g5 33. Rd6 Re6 34. Rd5 Kg6 35. Qd2 Qb8 36. Qd3 {[%emt
0:00:00]} Qf4 37. Rd7 a5 38. a4 Qe5 39. Qd2 f4 40. Qd3+ Kh5 {Rest in 60 min}
41. Rd5 Qf6 42. Qh7 Re7 43. Qd3 Kh4 44. Rd6 Re6 45. Rd4 h5 46. Re4 Rd6 47. Qb5
Qg6 48. Qe5 Rd1 49. b4 axb4 50. Rxb4 Rd6 51. Rb5 Re6 52. Qd4 Rc6 53. Re5 Qd6
54. Qe4 Qf6 55. Rf5 Qg6 56. Rf8 {?! sicherlich fraglich R30 schätzt das
Turmendspiel falsch ein} Qxe4 57. fxe4 Rc4 58. e5 g4 59. f3 Rc2+ 60. Kf1 Rxh2 {
[%eval -32767,0] -1,00 sieht sich also vorne} 61. e6 Kg3 {!} 62. e7 Rh1+ 63.
Ke2 gxf3+ 64. Kd2 f2 65. e8=Q f1=Q 66. Qg6+ Kf3 67. Qc6+ Kg4 68. Qg6+ Kh4 69.
Qf6+ Kh3 70. Qf5+ Kh4 71. Qf6+ Kg4 72. Rg8+ Kf3 73. Qc6+ Kf2 74. Qxb6+ Kf3 75.
Qc6+ Kf2 76. Qc5+ Kf3 77. Qd5+ Kf2 78. Qd4+ Kf3 1/2-1/2

[Event "TP 40 Züge 2 Stunden"]
[Site "?"]
[Date "2009.??.??"]
[Round "?"]
[White "Risc 2500 2MB aktiv, Saitek"]
[Black "R30 V2.2 aktiv, TASC."]
[Result "0-1"]
[WhiteElo "2254"]
[BlackElo "2347"]
[Annotator "Thomas Jaeger"]
[PlyCount "126"]
[EventDate "2009.??.??"]

1. e4 c6 2. d4 d5 3. Nc3 dxe4 4. Nxe4 Nd7 5. Bc4 Ngf6 6. Nxf6+ {letzter Buchzug
} Nxf6 {letzter Buchzug - erstaunlich} 7. Ne2 e6 8. Bf4 Bd6 9. Qd2 b5 10. Bd3
O-O 11. O-O Nd5 12. Bxd6 Qxd6 13. Rfe1 f5 14. c4 bxc4 {-0,57} 15. Bxc4 Bd7 16.
Rac1 Rab8 17. b3 Rfd8 18. Bxd5 exd5 19. Nf4 Qh6 20. Re7 Qh4 21. Rce1 Re8 22.
Rxd7 Qxf4 23. Re3 a6 24. g3 Qg4 25. Rde7 Rxe7 26. Rxe7 f4 27. Qxf4 Qxf4 28.
gxf4 Rb4 29. Ra7 Rxd4 30. Rxa6 c5 31. Rd6 Rd1+ 32. Kg2 Kf7 33. a4 d4 34. Rd5
Rc1 35. f5 Rc3 36. a5 Kf6 37. Kf1 Rxb3 38. Rxc5 d3 39. Ke1 Rb2 {!} 40. Rc6+
Kxf5 {Rest in 60 min} 41. Rc7 Re2+ 42. Kd1 Kf6 {Risc sieht sich weiterhin
vorne +0,47} 43. a6 Rxf2 44. a7 Ra2 45. Kc1 d2+ 46. Kd1 h6 47. Rd7 h5 48. Ke2
g5 49. Kd1 Ke5 50. Rg7 g4 51. Rd7 h4 52. Rh7 Kd4 53. Ke2 h3 54. Kd1 {?} g3 55.
hxg3 Ke3 56. Re7+ Kf2 57. Rh7 Ra1+ 58. Kxd2 Kg2 59. Re7 h2 60. Re2+ Kh3 61. Re7
h1=Q 62. Rh7+ Kg2 63. Rxh1 Kxh1 0-1

[Event "TP 40 Züge 2 Stunden"]
[Site "?"]
[Date "2009.??.??"]
[Round "?"]
[White "R30 V2.2 aktiv, TASC."]
[Black "Risc 2500 2MB aktiv, Saitek"]
[Result "1-0"]
[WhiteElo "2347"]
[BlackElo "2254"]
[Annotator "Thomas Jaeger"]
[PlyCount "49"]
[EventDate "2009.??.??"]

1. d4 d5 2. Nf3 e6 3. c4 Nf6 4. Bg5 Be7 5. Nc3 O-O 6. e3 h6 7. Bh4 Ne4 8. Bxe7
Qxe7 9. Rc1 c6 10. Bd3 Nxc3 11. Rxc3 dxc4 12. Bxc4 Nd7 {letzter Buchzug} 13.
O-O e5 14. Bb3 {letzter Buchzug} Re8 15. Nxe5 Nxe5 16. dxe5 Qxe5 17. f4 Qf6 18.
f5 {!? verhindert die Entwicklung des schwarzen Läufers.} Re5 {?!} 19. Rd3 {!?}
Re8 (19... Bxf5 20. Rd7 Rf8 21. Rxb7 Rxe3 {ist besser aber sieht nicht gut aus
für Schwarz}) 20. Qh5 a5 {? Tf8} 21. Rd6 {!} Qe7 22. Rxh6 {+7,61} Qxe3+ {- 7,
43 der Risc sieht es auch} (22... gxh6 23. Qg6+ Kh8 24. Qxh6+ Kg8 25. Rf3) 23.
Kh1 Qxh6 24. Qxf7+ Kh7 25. Qxe8 1-0

[Event "TP 40 Züge 2 Stunden"]
[Site "?"]
[Date "2009.??.??"]
[Round "?"]
[White "Lyon 68020, Mephisto"]
[Black "R30 V2.2 aktiv, TASC."]
[Result "0-1"]
[WhiteElo "2169"]
[BlackElo "2347"]
[Annotator "Thomas Jaeger"]
[PlyCount "92"]
[EventDate "2009.??.??"]

1. c4 Nf6 2. Nc3 e5 3. Nf3 Nc6 4. e3 Bb4 {letzter Buchzug} 5. Qb3 {letzter
Buchzug} e4 6. Nd4 a5 7. a3 Bc5 8. Nxc6 dxc6 9. Qc2 Bf5 10. Be2 O-O 11. O-O Qd7
12. h3 Bg6 13. Na4 Be7 14. c5 Rfd8 15. Qb3 Rab8 16. Bc4 b5 17. cxb6 cxb6 18.
Nc3 b5 {R30 + 2,07!} 19. Be2 b4 20. axb4 axb4 21. Nd1 Qc7 22. Bc4 Bd6 23. Ra6
Nd7 24. Qa2 Rb7 25. Ra8 Rxa8 26. Qxa8+ Rb8 27. Qa2 Nb6 28. Be2 Ra8 29. Qb3 Ra1
30. Qc2 b3 31. Qc3 Bf5 32. Bg4 Bh2+ 33. Kh1 Be5 34. Qc5 Bxg4 35. hxg4 Bd6 36.
Qc3 c5 37. d3 Be5 38. Qd2 Qd8 39. Kg1 exd3 40. f4 Nc4 {Rest in 60 min} 41. Qf2
Bf6 42. Bd2 Ra2 43. Bc3 Bxc3 44. Nxc3 Rxb2 45. Qf3 Nd2 46. Qb7 Nxf1 0-1

[Event "TP 40 Züge 2 Stunden"]
[Site "?"]
[Date "2009.??.??"]
[Round "?"]
[White "R30 V2.2 aktiv, TASC."]
[Black "Lyon 68020, Mephisto"]
[Result "1-0"]
[WhiteElo "2347"]
[BlackElo "2169"]
[Annotator "Thomas Jaeger"]
[PlyCount "51"]
[EventDate "2009.??.??"]

1. d4 d5 2. Nf3 c5 3. c4 dxc4 4. d5 e6 5. Nc3 exd5 6. Qxd5 Qxd5 7. Nxd5 Bd6 {
letzter Buchzug} 8. e4 {letzter Buchzug - wieder eine seltene Variante} Bg4 9.
Bxc4 Bxf3 10. gxf3 Nc6 11. Be3 Nge7 12. Nxe7 Bxe7 13. O-O-O g6 14. f4 b6 15.
Bb5 Rc8 16. Rd5 O-O 17. Rd7 Rfe8 18. Rhd1 Nd4 19. Bc4 a5 20. Bd5 Rcd8 21. Ra7
Nf3 22. h3 Kg7 23. Kb1 h6 24. a4 Nh4 25. Bd2 Nf3 26. Bc3+ {Weiß steht klar
besser und gewann - Notation war nicht eindeutig} 1-0

[Event "TP 40 Züge 2 Stunden"]
[Site "?"]
[Date "2009.??.??"]
[Round "?"]
[White "Milano, Mephisto"]
[Black "Genius 68030, Mephisto"]
[Result "0-1"]
[WhiteElo "2023"]
[BlackElo "2276"]
[Annotator "Thomas Jaeger"]
[PlyCount "130"]
[EventDate "2009.??.??"]

1. d4 Nf6 2. c4 e6 3. Nc3 Bb4 4. e3 O-O 5. Bd3 d5 6. Nf3 c5 7. O-O Nc6 8. a3
Bxc3 9. bxc3 dxc4 10. Bxc4 Qc7 11. Ba2 e5 12. h3 e4 13. Nh2 Bf5 14. Ng4 Nxg4
15. hxg4 {letzter Buchzug} Bg6 {letzter Buchzug} 16. Bb2 b6 17. c4 cxd4 18.
exd4 Rfd8 19. Rc1 Ne5 20. Qe2 Nd3 21. Rcd1 Rac8 22. Bc3 Qd6 23. Bb2 Re8 24. d5
Qc5 25. Kh1 Qe7 26. Kg1 h6 27. Bb3 b5 28. cxb5 Qc5 29. Bc1 Qxb5 30. Qa2 Rc3 31.
Bc2 Nxc1 32. Rxc1 Rec8 33. d6 Qd7 34. Qb2 Qxd6 35. Ba4 Qc5 36. Rxc3 Qxc3 37.
Qa2 e3 38. fxe3 Rb8 39. Kh1 Rb2 40. Qd5 Qxe3 {ab jetzt 60 min für den Rest} 41.
Qa8+ Kh7 42. Qf3 Qe6 43. Qc3 Qe2 44. Qf3 Qc4 45. Bc6 Rd2 46. a4 a6 47. Qf4 Rd4
48. Qc1 Bc2 49. Be8 f6 50. a5 Qc7 51. Kg1 Rd5 52. Bf7 Rxa5 53. Be6 Qb6+ 54. Kh1
Rc5 55. Qa3 a5 56. Qa2 Kh8 57. Re1 Qb4 58. Ra1 a4 59. Kg1 {?} Bb3 60. Bxb3 axb3
61. Qb1 Rc2 62. Ra8+ Kh7 63. Qf1 Qc5+ 64. Kh2 Qc7+ 65. Kh1 Rc1 0-1

[Event "TP 40 Züge 2 Stunden"]
[Site "?"]
[Date "2009.??.??"]
[Round "?"]
[White "Genius 68030, Mephisto"]
[Black "Milano, Mephisto"]
[Result "1-0"]
[WhiteElo "2276"]
[BlackElo "2023"]
[Annotator "Thomas Jaeger"]
[PlyCount "43"]
[EventDate "2009.??.??"]

1. d4 Nf6 2. c4 e6 3. Nc3 Bb4 4. Qc2 O-O 5. a3 Bxc3+ 6. Qxc3 b6 7. Bg5 Bb7 8.
f3 h6 9. Bh4 d5 10. e3 Nbd7 11. Bd3 {letzter Buchzug} c5 12. cxd5 exd5 {letztr
Buchzug} 13. Bf5 g5 14. Bf2 Rc8 15. Ne2 Re8 16. O-O Ba6 17. Rfe1 Bb5 18. Qd2
Bc4 19. h4 Nh7 20. Nc3 Rc6 21. e4 Ndf6 22. exd5 {Notation danach nicht klar -
Genius gewann schnell} 1-0

[Event "TP 40 Züge 2 Stunden"]
[Site "?"]
[Date "2009.??.??"]
[Round "?"]
[White "Super Expert C, Novag"]
[Black "Milano, Mephisto"]
[Result "1-0"]
[WhiteElo "2002"]
[BlackElo "2023"]
[Annotator "Thomas Jaeger"]
[PlyCount "70"]
[EventDate "2009.??.??"]

1. c4 e5 2. Nc3 Nf6 3. Nf3 Nc6 4. g3 Bb4 5. Bg2 O-O 6. O-O e4 7. Ng5 Bxc3 8.
bxc3 Re8 {letzter Buchzug} 9. Qc2 d5 10. cxd5 Qxd5 11. d3 Bf5 12. Qb2 {letzter
Buchzug} b5 13. Bf4 Re7 14. Rad1 Rd8 15. Rd2 Qc5 16. dxe4 Nxe4 17. Rxd8+ Nxd8
18. Bxe4 Bxe4 19. Rd1 Nc6 20. Qd2 Re8 21. Nxe4 Rxe4 22. Bxc7 Qe7 23. Qd5 Qe6
24. Qxe6 fxe6 25. Rd6 Ne7 26. Kf1 Nd5 27. Rd8+ Kf7 28. Rd7+ Kg6 29. f3 Ra4 30.
Be5 Rxa2 31. Rxg7+ Kh6 {?} 32. g4 Ra1+ 33. Kf2 Ra3 34. Rg8 Ra4 35. Bd6 Rf4 {
Milano gibt auf} 1-0

[Event "TP 40 Züge 2 Stunden"]
[Site "?"]
[Date "2009.??.??"]
[Round "?"]
[White "Milano, Mephisto"]
[Black "Super Expert C, Novag"]
[Result "1-0"]
[WhiteElo "2023"]
[BlackElo "2002"]
[Annotator "Thomas Jaeger"]
[PlyCount "131"]
[EventDate "2009.??.??"]

1. d4 d5 2. Nf3 Nf6 3. c4 {letzter Buchzug} dxc4 4. Qa4+ c6 5. Qxc4 Bf5 6. Nc3
e6 {letzter Buchzug} 7. Bg5 Be7 8. Bxf6 Bxf6 9. Qb4 Qc7 10. e4 Bg6 11. Bc4 Be7
12. Qb3 Nd7 13. O-O O-O 14. Rac1 Nb6 15. Be2 Rad8 16. Rfe1 Qb8 17. Red1 Qf4 18.
Bd3 Bh5 19. Ne2 Qh6 20. Bc2 c5 {?!} 21. dxc5 Bxc5 22. e5 Rxd1+ 23. Rxd1 Rc8 24.
Be4 Rb8 25. Qc2 Bxf3 26. Bxf3 Bf8 27. Qc7 Rc8 28. Qxb7 Rc2 29. Qxa7 Rxb2 30.
Nc1 Nc8 31. Qc7 Ne7 32. Qc3 Rb1 33. Qc2 Rb8 34. Nd3 Rc8 35. Qd2 Qxd2 36. Rxd2
g5 37. Kf1 Bg7 38. Rb2 Ng6 39. Rb5 Rc3 40. Rb8+ Nf8 {60 min für den Rest} 41.
Be4 Ra3 42. Rb2 Ra5 43. f3 Bxe5 44. Nxe5 Rxe5 45. Kf2 f5 46. Bc6 Rc5 47. Bb5
Kf7 48. a4 Ke7 49. a5 Kd6 50. a6 Rc7 51. Rd2+ Ke7 52. Ke3 h5 53. f4 gxf4+ 54.
Kxf4 Kf6 55. Ke3 e5 56. Be2 Ra7 57. Rd6+ Kg5 58. h4+ Kxh4 59. Rf6 f4+ 60. Kf2
Nh7 61. Rf5 Ng5 62. Rxe5 Rf7 63. Ra5 Ne4+ 64. Ke1 Ra7 65. Bxh5 Nf6 66. Bf3 {
Milano gewann Notation nicht ganz klar} 1-0

[Event "TP 40 Züge 2 Stunden"]
[Site "?"]
[Date "2009.??.??"]
[Round "?"]
[White "Milano Pro, Mephisto"]
[Black "Milano, Mephisto"]
[Result "1-0"]
[WhiteElo "2153"]
[BlackElo "2023"]
[Annotator "Thomas Jaeger"]
[PlyCount "101"]
[EventDate "2009.??.??"]

1. e4 e5 2. Nf3 Nc6 3. Bb5 a6 4. Bxc6 dxc6 5. d4 exd4 6. Qxd4 Qxd4 7. Nxd4 Bd7
{letzter Buchzug} 8. Nc3 {letzter Buchzug} Bb4 9. a3 Bxc3+ 10. bxc3 O-O-O 11.
f3 c5 12. Nb3 b6 13. Bg5 f6 14. Be3 Bb5 {?! danach kommt eher Weiß in Vorteil}
15. a4 Bc4 16. a5 Kb7 17. Kf2 h5 18. Rhb1 Ka7 {? Lb3 musste sein} 19. axb6+
cxb6 20. Nxc5 bxc5 21. Ra4 Ka8 22. Rxc4 Rb8 23. Rb3 Ne7 24. Ra4 Rxb3 25. cxb3
Kb7 26. Bxc5 Re8 27. Rd4 Kc7 28. Bd6+ Kc6 29. Bg3 Nc8 30. Rc4+ Kb6 31. Bf4 g5
32. Be3+ Kb7 33. Rb4+ Kc7 34. Ra4 Re6 35. Rc4+ Kd7 36. Bd4 Nd6 37. Rc5 Nb5 38.
Be3 Rd6 39. e5 fxe5 40. Bxg5 Re6 {60 min für den Rest} 41. Be3 Kd6 42. g4 hxg4
43. fxg4 Rf6+ 44. Ke2 Rg6 45. Rc4 e4 46. g5 Rg7 47. h4 Rh7 48. Bf2 Rg7 49. Be1
Kd5 50. Ra4 Nc7 51. Bg3 1-0

[Event "TP 40 Züge 2 Stunden"]
[Site "?"]
[Date "2009.??.??"]
[Round "?"]
[White "Milano, Mephisto"]
[Black "Milano Pro, Mephisto"]
[Result "1/2-1/2"]
[WhiteElo "2023"]
[BlackElo "2153"]
[Annotator "Thomas Jaeger"]
[PlyCount "176"]
[EventDate "2009.??.??"]

1. c4 c5 2. Nc3 Nc6 3. Nf3 Nf6 4. g3 {letzter Buchzug} d5 5. cxd5 Nxd5 {
letzter Buchzug} 6. Nxd5 Qxd5 7. Bg2 e5 8. d3 c4 9. dxc4 Bb4+ 10. Bd2 Qxc4 11.
O-O O-O 12. Rc1 Qb5 13. Bxb4 Qxb4 14. Qc2 e4 15. a3 Qe7 16. Nd2 Nd4 17. Qc4 Rd8
18. Nxe4 Bg4 19. Qc5 Qe6 20. Ng5 Qb3 21. Kh1 Nxe2 22. Rce1 Rd2 23. h3 Bd7 24.
Qc7 (24. Nxf7 Bxh3 (24... Qxf7 25. Qe3 Rxb2 26. Rxe2 Rxe2 27. Qxe2) 25. Nh6+
gxh6 26. Bxh3) 24... Bc6 25. Bxc6 bxc6 26. Qxc6 Rad8 27. Qe4 Qd5 28. b4 Qd3 29.
Qe7 Rf8 30. a4 Qd5+ 31. Kh2 Nd4 32. h4 h6 33. Qe4 Qxe4 34. Nxe4 Nf3+ 35. Kh3
Rd4 36. Re3 Rxb4 37. Nc3 Nd4 38. Rd1 Rfb8 39. Red3 Nc6 40. f4 Rc4 {Rest in 60
min} 41. h5 Rb3 42. Nb5 Rxd3 43. Rxd3 Rxa4 44. Rc3 Nd4 45. Nxd4 Rxd4 46. Ra3 {
Schwach!} (46. Rc8+ Kh7 47. Rc7 Rd5 48. g4 a5 49. Rxf7 {und remis}) 46... Rd7
47. Kg4 Kf8 48. Kf5 Ke7 49. Ra6 Kd8 50. g4 Kc8 51. Ra4 {Milano spielt viel zu
schnell. Mp hat 4 mal so viel Zeit verbraucht. g5 war besser} Kb7 52. Ke5 Kb6
53. Ra2 a5 54. Ke4 {? saudumm} (54. g5 Re7+ 55. Kd5 Re8 56. Rb2+ Ka6) 54... Kb5
55. Rb2+ Kc4 56. Ra2 Re7+ 57. Kf5 Ra7 58. Ra3 a4 59. Ke4 Kb4 60. Ra1 a3 61. Kd3
Rd7+ 62. Kc2 Rd4 {?} 63. Rf1 a2 {jetzt macht Mp die Fehler - unglaublich
schlechtes Endspiel. Jeder 1600 er würde einen Rüffel bekommen} 64. Kb2 Rd2+
65. Ka1 Ka3 66. Rf3+ Ka4 67. f5 f6 68. Re3 Rg2 69. Re8 Kb3 70. Rb8+ Kc3 71. Ra8
Rxg4 72. Kxa2 Rh4 73. Ra3+ Kb4 74. Rb3+ Kc4 75. Rb7 Rxh5 76. Rxg7 Rxf5 77. Rg4+
Kc3 78. Rh4 Ra5+ 79. Kb1 h5 80. Rf4 Re5 81. Rxf6 Re1+ 82. Ka2 h4 83. Rf3+ Kd4
84. Rh3 Re4 85. Kb2 Rg4 86. Kc2 Kc4 87. Kd2 Kb4 88. Ke1 Rd4 {Hier kan man das
Elend wohlabbrechen - remis} 1/2-1/2

[Event "TP 40 Züge 2 Stunden"]
[Site "?"]
[Date "2009.??.??"]
[Round "?"]
[White "Milano, Mephisto"]
[Black "Star Diamond, Novag"]
[Result "0-1"]
[WhiteElo "2023"]
[BlackElo "2161"]
[Annotator "Thomas Jaeger"]
[PlyCount "160"]
[EventDate "2009.??.??"]

1. e4 e5 {[%emt 0:00:00]} 2. Nc3 Nf6 3. g3 Bc5 4. Bg2 d6 5. Nf3 Nc6 6. d3 a6 7.
O-O {letzter Buchzug} O-O 8. Bg5 h6 {letzter Buchzug} 9. Bxf6 Qxf6 10. Nd5 Qd8
11. c3 Be6 12. d4 exd4 13. cxd4 Ba7 14. Ne3 Ne7 15. Re1 Qd7 {?! d5 war doch gut
} 16. Rc1 Bxa2 17. Re2 f5 {?! SD spielt seltsam} 18. b3 fxe4 19. Ne1 Rae8 20.
Rxa2 Nc6 21. Rd2 Qf7 22. d5 Nd4 23. Rc4 b5 24. Rc3 Bc5 25. Ra2 a5 26. Bh3 Kh8
27. Kh1 Ra8 28. Bg4 Qf6 29. Rc1 Qf7 30. N1g2 g5 31. Rca1 Bb6 32. Bh5 Qe7 33.
Ng4 Kg7 34. N2e3 Kh7 35. h3 Qd7 36. Qb1 Qe7 37. Nf1 c6 38. Nge3 {andere Züge
sehen besser aus} Qe5 39. dxc6 Nxc6 40. Nh2 Qe6 {Rest in 60 min - d5 war stark}
(40... d5 41. Rd2 Rad8 42. Qc1 Nb4 {=}) 41. Bg4 Qg6 42. Rd2 Nb4 43. Be2 Rab8 {
Txf2 und unklar - so steht Weißklaar besser} 44. Qd1 Bc7 45. Rc1 Qf7 {? noch
ein Fehler} 46. Bh5 Qe7 47. Bg4 Kh8 48. f3 {?? Lf5!} Bb6 49. Nf5 Qh7 50. fxe4
d5 51. exd5 h5 52. Bxh5 {? Milano verliert den Überblick} Qxf5 53. Qe2 Qf2 54.
Qe5+ Qf6 55. Ng4 {jetzt macht der Milano viele Fehler} Qxe5 56. Nxe5 Be3 57.
Ng6+ Kg8 58. Nxf8 Bxd2 59. Rd1 Kxf8 60. Rxd2 a4 61. bxa4 bxa4 62. d6 a3 63. Rd1
{? jetzt steht SD sogar besser!} a2 64. Ra1 Rd8 65. h4 gxh4 66. gxh4 Rxd6 67.
Be2 Rd2 68. Bc4 Ke7 69. h5 Kf6 70. Rf1+ Kg5 71. Bf7 Rf2 72. Rg1+ Kh6 73. Be6
Kxh5 74. Bg4+ Kh4 75. Be6 Rb2 76. Bf5 {? unglaublich!} Nc2 77. Bxc2 Rxc2 78.
Rd1 Rb2 79. Rd4+ Kg3 80. Rd3+ Kf2 {SD gibt matt in 10 , aber es geht schneller}
0-1

[Event "TP 40 Züge 2 Stunden"]
[Site "?"]
[Date "2009.??.??"]
[Round "?"]
[White "Star Diamond, Novag"]
[Black "Milano, Mephisto"]
[Result "1-0"]
[WhiteElo "2161"]
[BlackElo "2023"]
[Annotator "Thomas Jaeger"]
[PlyCount "45"]
[EventDate "2009.??.??"]

1. e4 e6 2. d4 d5 3. Nd2 c5 4. exd5 Qxd5 5. Ngf3 cxd4 6. Bc4 Qd6 7. O-O Nf6 8.
Nb3 Nc6 9. Nbxd4 Nxd4 10. Nxd4 a6 {letzter Buchzug} 11. Re1 {letzter Buchzug}
Be7 12. c3 O-O 13. Qf3 Qc7 14. Bd3 Bd6 15. Kh1 e5 16. Nf5 Bxf5 17. Bxf5 Rae8
18. Bg5 Be7 19. Bd3 Nd7 20. Qh3 h6 21. Bxh6 gxh6 {Milano zeiht das sehr schnell
} 22. Qxh6 Nf6 (22... f5 23. Qg6+ Kh8 24. Re3 Bh4 25. Rh3 Nf6 26. Rxh4+ Nh7 27.
Bxf5) 23. Re3 1-0

[Event "TP 40 Züge 2 Stunden"]
[Site "?"]
[Date "2009.??.??"]
[Round "?"]
[White "Milano, Mephisto"]
[Black "Atlanta, Mephisto"]
[Result "0-1"]
[WhiteElo "2023"]
[BlackElo "2195"]
[Annotator "Thomas Jaeger"]
[PlyCount "114"]
[EventDate "2009.??.??"]

1. e4 e5 2. Nf3 Nf6 3. Nxe5 d6 4. Nf3 Nxe4 5. d4 d5 6. Bd3 Be7 7. O-O Nc6 8. c4
Nb4 9. Be2 O-O 10. Nc3 Be6 {letzter Buchzug} 11. a3 Nxc3 12. bxc3 {letzter
Buchzug} Nc6 13. cxd5 Bxd5 14. Be3 Bf6 15. Bd3 Re8 16. Qb1 Kh8 17. Nd2 Ne7 18.
Ne4 Bxe4 19. Bxe4 Nd5 20. Bd2 c5 21. Qd3 cxd4 22. cxd4 Bxd4 23. Qxd4 Nf6 24.
Qxd8 Raxd8 25. Bxb7 Rxd2 26. Bf3 h6 27. Rfd1 Rc2 28. Rab1 Re7 29. Rdc1 Ra2 30.
Rc3 Kh7 31. g4 Rd7 32. h3 Rdd2 33. Kg2 Rxf2+ 34. Kg3 g5 35. Rc7 Kg6 36. Rxa7 h5
37. gxh5+ Nxh5+ 38. Bxh5+ Kxh5 39. Rb8 Rg2+ 40. Kf3 Raf2+ {Rest in 60 min} 41.
Ke4 Kh4 {eigentlich sollte das remis sein, eigentlich} 42. Rh8+ Kg3 43. Rh5
Rf4+ 44. Ke3 f6 45. Rh8 Rh2 46. Rah7 Ra4 47. Rh5 Rxa3+ 48. Ke4 Ra4+ 49. Kd5 Rh4
50. Rxh4 gxh4 51. Ra8 Kxh3 52. Ra3+ Kg4 53. Ra4+ Kg5 54. Ra1 Rd2+ 55. Ke6 {?
spielt das Enspiel wirklich schlecht} h3 56. Ra5+ Kh4 57. Kxf6 h2 0-1

[Event "TP 40 Züge 2 Stunden"]
[Site "?"]
[Date "2009.??.??"]
[Round "?"]
[White "Atlanta, Mephisto"]
[Black "Milano, Mephisto"]
[Result "1/2-1/2"]
[WhiteElo "2195"]
[BlackElo "2023"]
[Annotator "Thomas Jaeger"]
[PlyCount "158"]
[EventDate "2009.??.??"]

1. d4 d5 2. c4 e6 3. Nc3 Nf6 4. Bg5 Be7 5. e3 O-O {letzter Buchzug} 6. Bd3 {
letzter Buchzug} c5 7. dxc5 dxc4 8. Bxc4 Bxc5 9. Nf3 Nbd7 10. O-O b6 11. Bb5
Bb7 12. Bxd7 Qxd7 13. Bxf6 Qxd1 14. Raxd1 gxf6 15. Rd2 Bb4 16. Rfd1 Bxc3 17.
bxc3 Rfc8 18. Rc1 Kf8 19. Nd4 Ke7 20. h3 Rg8 21. g3 Rgd8 22. Rcd1 Rac8 23. f3
Ke8 24. Nb5 Bxf3 25. Rxd8+ Rxd8 26. Rxd8+ Kxd8 27. Nxa7 Bd5 28. a3 f5 29. Nb5
e5 30. Nd6 Be6 31. e4 {e4! sonst gerät der S in Not} fxe4 32. Nxe4 Bxh3 33. Ng5
Be6 34. Nxh7 f5 {Der Milano steht etwas besser. Vielleicht verliert er einmal
nicht im Endspiel} 35. Kf2 Ke7 36. Ng5 Bc4 37. Ke3 Kd6 38. Kf3 Bb5 39. Ke3 Ba6
40. Nh3 Bc4 {Rest in 60 min} 41. Ng1 Kd5 42. Nf3 Bb5 43. Ne1 Be8 44. Nf3 Kd6
45. Ng5 Bb5 46. Nf3 Ke6 47. Ng5+ {beide sehen Schwarz ca. +0,9, aber es geht
nicht weiter} Kd5 48. Nf3 Bc4 49. Nh4 Ke6 50. Nf3 Bd5 51. Ne1 Bb7 52. Nf3 Ba6 {
Lf3 sollte gewinnen!} (52... Bxf3 53. Kxf3 e4+ 54. Kf4 Kd5 55. Ke3 Kc4 56. g4
fxg4 57. Kxe4 Kxc3 {eigentlich sehr einfach, aber nicht für den Milano}) 53.
Ng5+ Kd5 54. Nf3 Bc8 55. Ne1 e4 56. Ng2 Ke5 (56... Kc4 57. Nf4 Bd7 (57... Kxc3
58. Nd5+) 58. Ne2 Kb3 59. Kd4 Kxa3 60. c4 Kb4 61. Nf4 Ka5 62. Ke5 {gleich?})
57. Nf4 Bd7 58. c4 Bc6 59. Ng6+ Kf6 60. Nf4 Bb7 61. Kd4 Kg5 62. Nd5 Kg4 63.
Ne3+ {Sxb6 geht nicht gut!} Kxg3 64. Nxf5+ Kf2 65. Nh6 Kf3 (65... e3 66. Ng4+)
66. Nf7 Kf4 67. Ne5 {Atlanta 0,00} Ba8 68. Ng6+ Kf3 69. Ne5+ Kf2 70. Ng4+ Ke2
71. Nf6 Kf3 72. Nd7 Bb7 73. Ne5+ (73. Nxb6 e3 74. Nd7 Be4 75. c5 e2) 73... Kf4
74. Ng6+ Kf5 75. Ne7+ Kf6 76. Nd5+ Bxd5 77. cxd5 e3 {beide 0,00} 78. Kxe3 Ke5
79. a4 Kxd5 1/2-1/2

[Event "TP 40 Züge 2 Stunden"]
[Site "?"]
[Date "2009.??.??"]
[Round "?"]
[White "Milano, Mephisto"]
[Black "Lyon 68020, Mephisto"]
[Result "1-0"]
[WhiteElo "2023"]
[BlackElo "2169"]
[Annotator "Thomas Jaeger"]
[PlyCount "135"]
[EventDate "2009.??.??"]

1. e4 d6 2. d4 Nf6 {letzter Buchzug!} 3. f3 Nc6 4. Bb5 {letzter Buchzug} a6 5.
Bxc6+ bxc6 6. Ne2 Rb8 7. O-O Nd7 8. Nd2 e6 9. Nb3 Be7 10. Bd2 O-O 11. Ba5 Bg5
12. f4 Bh4 13. c4 Nf6 {?! Lyon spielt sehr seltsam, oder geht das etwa?} 14.
Qd3 (14. g3 Ng4 15. h3 Ne3 16. Qd3 Nxf1 17. gxh4 {Weiß steht besser}) 14... Ne8
15. Rad1 Qf6 {??} 16. e5 (16. g3 Qg6 17. f5 Qg5 18. Rf4) 16... Qg6 17. g3 Qxd3
18. Rxd3 Be7 19. Kg2 f6 20. c5 Rb7 21. Rfd1 Bd7 22. h3 Rf7 23. Ng1 Rb8 24. Nf3
fxe5 25. fxe5 Rb7 26. Rc1 Bf8 27. Re1 h6 28. Rf1 Rb5 29. Rfd1 Rb7 30. Ne1 Be7
31. Nc2 d5 32. Nb4 Ra7 33. Re1 Bg5 34. Nd2 Ra8 35. Nf3 Be7 36. Rf1 Rf8 37. Rd2
Rb8 38. a4 Ra8 39. Rdf2 Rf7 40. Nd3 Rb8 {Rest in 60 min} 41. b4 Rf5 42. Nf4 Rb7
43. Ng6 Bd8 44. Nfh4 Rxf2+ 45. Rxf2 Bxh4 46. gxh4 h5 47. Kg3 Ra7 48. Kf4 Nf6 {
war nötig} 49. exf6 gxf6 50. Ke3 Be8 51. Rg2 Kf7 52. Nf4 e5 53. Nxh5 Ke7 54.
Ng7 Bd7 55. Rg3 Rb7 56. h5 Rb8 57. b5 axb5 58. Bxc7 Rb7 59. Bd6+ Kf7 60. h6
bxa4 61. h7 Rb3+ 62. Kd2 Rxg3 63. h8=Q Rg2+ 64. Kc1 Rxg7 65. dxe5 a3 66. Qf8+
Kg6 67. Qxf6+ Kh7 68. Kb1 1-0